Textbook of Engineering Chemistry (Record no. 3544)

MARC details
000 -LEADER
fixed length control field 00358nam a2200145Ia 4500
008 - FIXED-LENGTH DATA ELEMENTS--GENERAL INFORMATION
fixed length control field 191201s2008 xx 000 0 und d
082 ## - DEWEY DECIMAL CLASSIFICATION NUMBER
Classification number 540
Item number CHT
100 ## - MAIN ENTRY--PERSONAL NAME
Personal name CHAWLA, Shashi
245 #0 - TITLE STATEMENT
Title Textbook of Engineering Chemistry
250 ## - EDITION STATEMENT
Edition statement Rep.
260 ## - PUBLICATION, DISTRIBUTION, ETC. (IMPRINT)
Place of publication, distribution, etc N.Delhi
Name of publisher, distributor, etc Dhanpat Rai Pub (P) Ltd
Date of publication, distribution, etc 2008
300 ## - PHYSICAL DESCRIPTION
Extent misc.
650 ## - SUBJECT ADDED ENTRY--TOPICAL TERM
Topical term or geographic name as entry element Applied
942 ## - ADDED ENTRY ELEMENTS (KOHA)
Source of classification or shelving scheme Dewey Decimal Classification
Koha item type Text Books
Holdings
Withdrawn status Lost status Source of classification or shelving scheme Damaged status Not for loan Collection code Home library Current library Date acquired Source of acquisition Cost, normal purchase price Bill Number Total Checkouts Full call number Acc. no. / Barcode Date last seen Bill Date Koha item type Date last borrowed
    Dewey Decimal Classification     Applied Sc. PIET C-LIBRARY PIET C-LIBRARY 04/10/2008 J B C, New Delhi 300.00 S1-2288   540 CHT 9604 04/12/2019 06/08/2008 Text Books  
    Dewey Decimal Classification     Applied Sc. PIET C-LIBRARY PIET C-LIBRARY 04/10/2008 J B C, New Delhi 300.00 S1-2288 1 540 CHT 9605 20/02/2025 06/08/2008 Text Books 06/02/2025

Design & Developed by: PIET Central Library
R70 Miles Stone Pattikalyana Samalkha Panipat 132102
mail ID :- [email protected], Phone No:- 0180-2569700 Ex.216